000 00559nam a2200205 4500
001 111835
003 ES-MaACL
005 20240322170306.0
007 t|
008 061121s1955 sp r ||||1| spa d
100 1 _aNeville, Edgar,
_d1899-1967
_985470
245 1 0 _aTorito bravo /
_cEdgar Neville.
250 _a1ª ed.
260 _aBarcelona :
_bJosé Janés,
_c1955.
300 _a207 p. ;
_c20 cm.
490 1 _aclub de los lectores
830 0 _aClub de los lectores
_9181243
852 _aES-MaACL
_jC-10571
_bR.38191
999 _c111835
_d111835